00969nam a2200241 a 450000100100000000500170001000800410002704000250006808200220009324501180011526000590023330000170029249000370030950000310034665000360037765000380041365000400045170000400049183000440053104900090057595201260058499900170071000002563620200930023932.0110218s1922 pr r 000 p spa d aDO-SdBNPbspacBNPHU aPR861.7295bA634c01aAntología completa de poetas portorriqueños :blos nuevos /ccompilación y prólogo de Carlos N. Carreras. aSan Juan, Puerto Rico :bPuerto Rico Ilustrado,c1922. av. ;c20 cm.1 aBiblioteca Puerto Rico Ilustrado aLa biblioteca posee el V.3 4aPoetas puertorriqueños952354 4aPoesía puertoprriqueña952355 4aLiteratura puertoprriqueña9523561 aCarreras, Carlos N.epról.952357 0aBiblioteca Puerto Rico Ilustrado952358 aBNGR 001054708MOaGRbGRcCTd2011-02-18iLF1l0oPR861.7295 A634cp25636-10r2020-06-25w2020-06-25y4ZPréstamo en sala c25128d25128